000 01287nam a2200325Ia 4500
001 18747
003 IT-RoPAU
008 130308s9999 xx 000 0 und d
040 _aIT-RoPAU
040 _cIT-RoPAU
041 _aFRANCESE
100 _aBersani Jacques
100 _gCodice Aut. SPICS: 12662
245 _aEncyclopaedia Universalis-Universalia 1981
245 _bEncyclopaedia Universalis-Universalia 1981
250 _a1a ed.
260 _aPARIS
260 _bEncyclopaedia Universalis
260 _c1981 [1° Ed.:1981 - Ed.Ling.Originale:1981]
300 _a"640 p. (prefazione: no ; testo: 640)"
500 _aAvvenimenti Upmini e Problemi del per Ogni Giorno del 1980 Fatti storici relazioni Est Ovest Politica Africana sondaggi di Opinione manipolazione Genetica Afghanistan nucleare psicoterapia Urbanismo Lavoro Nero Cultura in Movimento Opere Culturali Fatti Culturali Film Studi Saggi Note biografiche e Opere di Personaggi Deceduti nell'Anno 1980 ritratti di Personaggi importanti Come: Ronald Regan Lech Walesa Claudio Abbado
650 _aENCICLOPEDIE DI CULTURA GENERALE
650 _eCodice materia Spics: 1001
700 _aAA.VV.
700 _gCodice Aut. SPICS: 12000
942 _cBK
957 _71
999 _c65079
_d65079
999 _bSI
999 _g1